[Event "Padova op-A 18th"]
[Site "Padova"]
[Date "2015.12.13"]
[Round "1.20"]
[White "Loiacono, Antonio"]
[Black "Manca, Federico"]
[Result "0-1"]
[WhiteElo "2010"]
[BlackElo "2409"]
[PlyCount "88"]
[EventDate "2015.12.13"]
[EventType "swiss"]
[EventRounds "9"]
[EventCountry "ITA"]
[SourceTitle "EXT 2024"]
[Source "ChessBase"]
[SourceDate "2023.10.10"]
[SourceVersion "1"]
[SourceVersionDate "2023.10.10"]
[SourceQuality "1"]

1. e4 g6 2. d4 Bg7 3. Nf3 d6 4. Be2 Nf6 5. Nc3 0-0 6. 0-0 Bg4 7. Bg5 Nc6 8. Qd2 Bxf3 9. Bxf3 e5 10. d5 Ne7 11. Rad1 Nd7 12. Be2 f5 13. f3 Nf6 14. Rfe1 f4 15. Bf1 Nh5 16. Bh4 Bf6 17. Bxf6 Rxf6 18. Qf2 g5 19. Bd3 Rg6 20. Be2 Nf6 21. g4 fxg3 22. hxg3 a6 23. Bf1 Qd7 24. Nb1 Rf8 25. b3 Rg7 26. Nd2 Ng6 27. Nc4 g4 28. f4 exf4 29. gxf4 g3 30. Qd2 Nh4 31. Bg2 Ng4 32. f5 Nf2 33. Rc1 b5 34. Na5 Nh3+ 35. Kh1 Nf2+ 36. Kg1 Rg4 37. Qe3 Nxg2 38. Kxg2 Nxe4 39. Nc6 Rxf5 40. Rf1 Rf2+ 41. Rxf2 gxf2+ 42. Kf1 Rg1+ 43. Ke2 Qg4+ 44. Kd3 Rg3 0-1

[Event "ITA-chT 47th"]
[Site "Civitanova Marche"]
[Date "2015.05.01"]
[Round "4.6"]
[White "Aghayev, Miragha"]
[Black "Manca, Federico"]
[Result "0-1"]
[WhiteElo "2345"]
[BlackElo "2414"]
[PlyCount "108"]
[EventDate "2015.04.29"]
[EventType "team-swiss"]
[EventRounds "7"]
[EventCountry "ITA"]
[SourceTitle "CBM 166 Extra"]
[Source "ChessBase"]
[SourceDate "2015.06.18"]
[SourceVersion "1"]
[SourceVersionDate "2015.06.18"]
[SourceQuality "1"]
[WhiteTeam "Acqui Terme Collino"]
[BlackTeam "Marostica"]
[WhiteTeamCountry "ITA"]
[BlackTeamCountry "ITA"]

1. e4 e5 2. Nf3 Nc6 3. Bb5 a6 4. Ba4 Nf6 5. 0-0 Be7 6. Re1 b5 7. Bb3 d6 8. c3 0-0 9. d4 Bg4 10. Be3 exd4 11. cxd4 Na5 12. Bc2 Nc4 13. Bc1 c5 14. b3 Nb6 15. Bb2 cxd4 16. Qxd4 Bxf3 17. gxf3 Rc8 18. Bd3 Nh5 19. f4 Nd7 20. e5 Nc5 21. Bf5 Ne6 22. Qe4 g6 23. Bxe6 fxe6 24. exd6 Qxd6 25. Qxe6+ Qxe6 26. Rxe6 Bf6 27. Bxf6 Rc1+ 28. Kg2 Nxf4+ 29. Kg3 Nxe6 30. Nd2 Rxa1 31. Bxa1 Rd8 32. Ne4 Rd3+ 33. f3 Kf7 34. h4 h6 35. Be5 Nd4 36. Nc5 Ne2+ 37. Kf2 Rd5 38. Nd3 Rxd3 39. Kxe2 Rd5 40. Bf4 Rh5 41. Bg3 Ke6 42. Ke3 Kd5 43. Kd3 Rf5 44. Ke3 Rf8 45. Bf4 h5 46. Bg5 Re8+ 47. Kd3 Re1 48. Bf6 Rf1 49. Ke2 Rh1 50. Kd3 Rh2 51. a3 Rf2 52. Ke3 Ra2 53. Be7 Ke6 54. Bc5 Rh2 0-1